Personnages Twilight mort subite - Statistiques

Statistiques générales
  • Ce quiz a été pris 232 fois
  • Le résultat moyen est 17 sur 22
Answers on the Grid
Answers color-coded by a green-red scale on the quiz's grid according to % correct below.
Mike
Angela
Jessica
Charlie
Mattiew
Emily
Paula
Jacob
Quil
Embry
Leah
Romain
Seth
Bella
Edward
Renesmée
Carlisle
Esmée
Emma
Emmett
Jasper
Liléa
Aro
Caius
Lucas
Zelia
Alec
Kate
Benjamin
Loris
 
Statistiques - réponses
Réponse % Correct
Jacob
93%
Bella
91%
Edward
91%
Jasper
91%
Charlie
90%
Renesmée
88%
Carlisle
86%
Esmée
86%
Emmett
85%
Aro
82%
Seth
81%
Jessica
78%
Caius
76%
Leah
71%
Alec
70%
Emily
65%
Mike
65%
Quil
65%
Angela
64%
Kate
56%
Benjamin
49%
Embry
47%
Aucun quiz correspondant
Distribution des résultats
% des personnes avec chaque résultat
Percentile par nombre de réponses
Votre historique - résultats
Vous n’avez pas pris ce quiz